Нові обрії самоврядування : [Розмова з першим заст. голови Рівнен. обл. ради В.Крокою , якому вручено Диплом переможця Першого всеукр. конкурсу проектів та програм розвитку місц. самоврядування ] (Запис № 300826)

МАРК-запис
000 -Лідер
fixed length control field 00843nam a22001697a 4500
003 - Ідентифікатор контрольного номера
control field UA-OsUOA
001 - Контрольний номер
control field 14662
007 - Фіксоване поле фізичного опису
fixed length control field ta
008 - Елементи даних фіксованої довжини – загальна інформація
fixed length control field 20031015b un ||||| |||| 00| 0 ukr d
040 ## - Джерело каталогізації
Агенція оригінальної каталогізації UA-OsUOA
Агенція, яка здійснювала перезапис UA-OsUOA
Агенція, яка здійснювала модифікацію UA-OsUOA
100 ## - Основне введення – ім’я особи
Ім’я особи (НП) Крока В.
245 ## - Відомості про назву
Назва (НП) Нові обрії самоврядування : [Розмова з першим заст. голови Рівнен. обл. ради В.Крокою , якому вручено Диплом переможця Першого всеукр. конкурсу проектів та програм розвитку місц. самоврядування ]
Решта назви (НП) /Розмовляв П.Велесик
Дані про відповідальність (НП) Крока В.
650 #7 - Додаткове предметне введення – тематичний термін
Тематичний термін чи географічна назва, як елемент введення (НП) Краєзнавча робота
Джерело заголовка чи терміна UDC
773 0# - Введення хост-одиниці (П)
Контрольний номер запису (П) 0
Назва (НП) Вісті Рівненщини
Місце, видавець та дата видання (НП) Рівне
-- 2003
Інформація про взаємозв’язок (П) №82/3 жовт./
942 ## - Додаткові елементи входу (Коха)
Тип елемента Koha Стаття періодики
955 ## - Код типу видання за змістом
Код типу видання за змістом (НП) інше

Немає доступних примірників.